Imiona zwierząt i magicznych istot w Harrym Potterze - Statystyki

Ogólne statystyki
  • Ten quiz został rozwiązany 181 razy
  • Średni wynik to 11 z 15
Statystyki odpowiedzi
Hint Odpowiedź % Poprawnych
Sowa Harry'ego Hedwiga
99%
Wąż Voldemorta Nagini
95%
Skrzat domowy Malfoyów/Wolny skrzat Zgredek
95%
Trzygłowy pies Puszek
91%
Szczur Rona Parszywek
89%
Kot Hermiony Krzywołap
86%
Akromantula Hagrida Aragog
82%
Hipogryf Hardodziob
81%
Ropucha Neville'a Teodora
77%
Brytan Hagrida Kieł
76%
Norweski smok kolczasty Norbert
70%
Sowa Weasley'ów Errol
53%
Sowa Rona Świstoświnka
47%
Sowa Percy'ego Hermes
26%
Puszek pigmejski Ginny Arnold
23%
Nie znaleziono quizów pasujących do podanych kryteriów
Rozkład punktacji
Procent ludzi z każdym wynikiem
Percentyl według liczby udzielonych odpowiedzi
Twoja historia wyników
Nie rozwiązałeś tego quizu